Engineering thermodynamics (Record no. 3455)

000 -LEADER
fixed length control field 00570nam a22002177a 4500
001 - CONTROL NUMBER
control field 3455
003 - CONTROL NUMBER IDENTIFIER
control field BD-DhUET
008 - FIXED-LENGTH DATA ELEMENTS--GENERAL INFORMATION
fixed length control field 141029b xxu||||| |||| 00| 0 eng d
020 ## - INTERNATIONAL STANDARD BOOK NUMBER
International Standard Book Number 0023573902
040 ## - CATALOGING SOURCE
Transcribing agency 0
Modifying agency BD-DhUET
082 ## - DEWEY DECIMAL CLASSIFICATION NUMBER
Classification number 621.01
Item number HUA/1976
100 ## - MAIN ENTRY--PERSONAL NAME
Personal name Huang, Francis F.
245 ## - TITLE STATEMENT
Title Engineering thermodynamics
Remainder of title fundamentals and applications
250 ## - EDITION STATEMENT
Edition statement 1st ed.
260 ## - PUBLICATION, DISTRIBUTION, ETC. (IMPRINT)
Place of publication, distribution, etc. New York
Name of publisher, distributor, etc. Macmillan publishing
Date of publication, distribution, etc. 1976
300 ## - PHYSICAL DESCRIPTION
Extent xxi, 535 p.
Other physical details
500 ## - GENERAL NOTE
General note Part- I
650 #0 - SUBJECT ADDED ENTRY--TOPICAL TERM
Topical term or geographic name as entry element Thermodynamics-Engineering
650 #0 - SUBJECT ADDED ENTRY--TOPICAL TERM
Topical term or geographic name as entry element Thermodynamics
942 ## - ADDED ENTRY ELEMENTS (KOHA)
Koha item type General Book
Holdings
Price effective from Withdrawn status Piece designation (barcode) Location (home branch) Not for loan Copy number Date acquired Koha date last seen Koha full call number Koha normalized classification for sorting Lost status Source of classification or shelving scheme Koha item type Damaged status Shelving location Sublocation or collection (holding branch)
2014-10-29 86663Central Library, BUET 12014-10-292014-10-29621.01/HUA/1976621_010000000000000_HUA_1976  General Book Circulation sectionCentral Library, BUET
2015-02-08 56647Central Library, BUET 22015-02-082015-02-08621.01/HUA/1976621_010000000000000_HUA_1976  General Book Circulation sectionCentral Library, BUET
2015-04-12 75003Central Library, BUET 32015-04-122015-04-12621.01/HUA/1976621_010000000000000_HUA_1976  General Book Circulation sectionCentral Library, BUET
2018-05-20 74999Central Library, BUET 41989-07-302018-05-20621.01/HUA/1976621_010000000000000_HUA_1976  General Book Circulation sectionCentral Library, BUET